KOHA-Header-6

Organizational Behavior (Record no. 9980)

000 -LEADER
fixed length control field 00239nam a2200109Ia 4500
020 ## - INTERNATIONAL STANDARD BOOK NUMBER
ISBN 978-93-325-4222-8
100 ## - MAIN ENTRY--AUTHOR NAME
Personal name Stephen P. Robbins
245 #0 - TITLE STATEMENT
Title Organizational Behavior
260 ## - PUBLICATION, DISTRIBUTION, ETC. (IMPRINT)
Place of publication India
Name of publisher Dorling
Year of publication 2008
300 ## - PHYSICAL DESCRIPTION
Number of Pages 562
942 ## - ADDED ENTRY ELEMENTS (KOHA)
Koha item type Books
Holdings
Withdrawn status Lost status Collection code Permanent Location Current Location Shelving location Date acquired Full call number Accession Number Koha item type
    Management MAJU MAJU   2019-09-14 891.439 6047 Management

Powered by Koha